Longest Life Expectancy in Europe(2015) - Statistics

General Stats
  • This quiz has been taken 10 times
  • The average score is 9 of 10
Answer Stats
Life Exp. Country % Correct
82.0 Italy
100%
81.3 Norway
100%
81.6 Spain
100%
81.6 Sweden
100%
82.5 Switzerland
100%
81.1 Andorra
90%
81.7 France
90%
81.9 Iceland
90%
82.3 Monaco
90%
81.9 San Marino
70%
No matching quizzes found
Score Distribution
Percent of People with Each Score
Percentile by Number Answered
Your Score History
You have not taken this quiz